000 00528nam a22001817a 4500
003 AM-YeHGA
005 20250617154214.0
008 180620s ||||| |||| 00| 0 rus d
040 _aAM-YeHGA
041 0 _arus
100 1 _aКуприн, Александр Иванович
245 1 0 _aПоединок /
_cА.И. Куприн.
260 _aЙошкар-Ола :
_bМаркнигоиздат,
_c1956.
300 _a219 с.
653 0 _aРусская литература
942 _2udc
_cBK
090 _c409269
999 _c407004
_d407004